[Event "43. Torneo de Ajedrez Villa de Mislata"]
[Site "Mislata ESP"]
[Date "2009.08.26"]
[Round "4.19"]
[White "Lopez Del Barrio, Jesus"]
[Black "Fenollar Jorda, Manuel"]
[Result "0-1"]
[WhiteElo "2064"]
[BlackElo "2341"]
[PlyCount "96"]
[EventDate "2009.08.24"]
[EventType "swiss"]
[EventRounds "9"]
[EventCountry "ESP"]
[Source "lmi"]
[SourceDate "2009.08.24"]

1. a3 d5 2. d3 Nf6 3. g3 e5 4. Nf3 Bd6 5. Bg2 c5 6. O-O Nc6 7. c4 d4 8. Nbd2 h6
9. Rb1 O-O 10. b4 cxb4 11. axb4 Nxb4 12. Nxe5 Na2 13. Nef3 Nc3 14. Qb3 Bc5 15.
Re1 Re8 16. Kf1 b5 17. cxb5 Be6 18. Qc2 Rc8 19. Nc4 Nxb1 20. Qxb1 Nd5 21. Bd2
Qf6 22. Kg1 Nc3 23. Bxc3 Bxc4 24. Bb4 Bd5 25. Bxc5 Rxc5 26. Qb4 Rec8 27. Nxd4
Rc1 28. Bxd5 Rxe1+ 29. Qxe1 Qxd4 30. Bf3 Qa4 31. Bc6 a5 32. Qd2 Qb4 33. Qe3 a4
34. Qa7 a3 35. Bd5 Qxb5 36. Bxf7+ Kh8 37. Be6 Rc1+ 38. Kg2 Qc6+ 39. e4 Qxe6 40.
Qxa3 Rc2 41. Qf8+ Kh7 42. Qf3 Rc3 43. h4 Qd7 44. Qf5+ Qxf5 45. exf5 Rxd3 46. f3
h5 47. g4 hxg4 48. fxg4 Kg8 0-1

[Event "43. Torneo de Ajedrez Villa de Mislata"]
[Site "Mislata ESP"]
[Date "2009.08.26"]
[Round "4.20"]
[White "Berrocal, Jorge"]
[Black "Navarro Diaz, Carles"]
[Result "0-1"]
[WhiteElo "2322"]
[BlackElo "2047"]
[PlyCount "56"]
[EventDate "2009.08.24"]
[EventType "swiss"]
[EventRounds "9"]
[EventCountry "ESP"]
[Source "lmi"]
[SourceDate "2009.08.24"]

1. e4 e5 2. Nf3 Nf6 3. Nxe5 Nxe4 4. Qe2 Qe7 5. Qxe4 d6 6. d4 dxe5 7. dxe5 Nc6
8. Bb5 Bd7 9. e6 Qxe6 10. Qxe6+ fxe6 11. O-O Bc5 12. Nd2 O-O-O 13. Ne4 Bb6 14.
Bg5 Rdf8 15. Rfe1 Rf5 16. Ba4 Bxf2+ 17. Nxf2 Rxg5 18. Rad1 b5 19. Bb3 Ne5 20.
Re3 Rf8 21. Ne4 Rg6 22. Nc5 Bc6 23. Bxe6+ Kb8 24. Bd5 Bxd5 25. Rxd5 Nc4 26.
Nd7+ Kc8 27. Red3 Re8 28. Rf5 Nd6 0-1

[Event "43. Torneo de Ajedrez Villa de Mislata"]
[Site "Mislata ESP"]
[Date "2009.08.27"]
[Round "5.1"]
[White "Gonzalez Rodriguez, Jorge Armando"]
[Black "Korneev, Oleg"]
[Result "0-1"]
[WhiteElo "2429"]
[BlackElo "2537"]
[PlyCount "139"]
[EventDate "2009.08.24"]
[EventType "swiss"]
[EventRounds "9"]
[EventCountry "ESP"]
[Source "lmi"]
[SourceDate "2009.08.24"]

1. c4 e5 2. Nc3 Nf6 3. g3 Nc6 4. Bg2 Bc5 5. d3 d6 6. e3 O-O 7. Nge2 a6 8. O-O
Ba7 9. Rb1 Bf5 10. h3 Re8 11. e4 Be6 12. Kh2 Nd7 13. b4 Nd4 14. Be3 c6 15. a4
Nxe2 16. Qxe2 a5 17. b5 Bd4 18. Qd2 Bxe3 19. fxe3 f6 20. Rfd1 Bf7 21. Qf2 Nc5
22. Rd2 Bg6 23. Bf3 Qd7 24. h4 f5 25. exf5 Bxf5 26. bxc6 bxc6 27. Qg2 Ra6 28.
Rg1 Nb3 29. Rb2 Nc5 30. Rd2 Nb3 31. Rf2 Nc5 32. d4 Nd3 33. Bxc6 Qxc6 34. Rxf5
Qxg2+ 35. Kxg2 Nb2 36. Rb1 Nxc4 37. Nd5 Ra7 38. Rb5 exd4 39. exd4 h6 40. h5 Rf8
41. Rxf8+ Kxf8 42. Kf3 Kf7 43. Ke4 Ke6 44. Nf4+ Kd7 45. Kd3 Rc7 46. Nd5 Rc8 47.
Nb6+ Nxb6 48. Rxb6 Rc1 49. Rb7+ Kc6 50. Rxg7 Ra1 51. Ke4 Rxa4 52. Rg6 Ra1 53.
Rxh6 a4 54. Rh8 a3 55. Rc8+ Kd7 56. Rc2 Ke6 57. d5+ Kf6 58. Kf4 Rd1 59. Ke4
Re1+ 60. Kd4 Rg1 61. Rh2 Kg7 62. h6+ Kh7 63. Re2 Rxg3 64. Re7+ Kxh6 65. Re6+
Kh5 66. Rxd6 Rg4+ 67. Kc3 Ra4 68. Kb3 a2 69. Kxa4 a1=Q+ 70. Kb4 0-1

[Event "43. Torneo de Ajedrez Villa de Mislata"]
[Site "Mislata ESP"]
[Date "2009.08.27"]
[Round "5.3"]
[White "Ortiz Suarez, Isan Reynaldo"]
[Black "Garcia, Jhoel"]
[Result "1-0"]
[WhiteElo "2504"]
[BlackElo "2341"]
[PlyCount "93"]
[EventDate "2009.08.24"]
[EventType "swiss"]
[EventRounds "9"]
[EventCountry "ESP"]
[Source "lmi"]
[SourceDate "2009.08.24"]

1. e4 c5 2. Nf3 Nc6 3. d4 cxd4 4. Nxd4 Nf6 5. Nc3 e5 6. Ndb5 d6 7. Bg5 a6 8.
Na3 b5 9. Nd5 Be7 10. Bxf6 Bxf6 11. c4 b4 12. Nc2 a5 13. g3 O-O 14. Bg2 Be6 15.
O-O Bxd5 16. Qxd5 Qb6 17. Qd3 a4 18. Ne3 Qd4 19. Qe2 Qc5 20. Nd5 Bd8 21. Kh1
Ra7 22. f4 exf4 23. gxf4 Re8 24. Rad1 b3 25. axb3 axb3 26. Qd3 Na5 27. Ra1 Bb6
28. Ra4 Qd4 29. Qe2 Nc6 30. Nxb6 Qxb6 31. Rxa7 Qxa7 32. Qd3 Qc5 33. e5 Nd4 34.
Bd5 dxe5 35. fxe5 Rxe5 36. Qg3 Rf5 37. Rxf5 Nxf5 38. Qe5 Qc8 39. c5 Kf8 40. c6
Ne7 41. Qd6 Ke8 42. Bf3 Qe6 43. Qb8+ Nc8 44. Qb4 f5 45. Qd4 g5 46. c7 Ne7 47.
Qh8+ 1-0

[Event "43. Torneo de Ajedrez Villa de Mislata"]
[Site "Mislata ESP"]
[Date "2009.08.27"]
[Round "5.4"]
[White "Gomez Garrido, Camilo"]
[Black "Kovacevic, Slobodan"]
[Result "1/2-1/2"]
[WhiteElo "2461"]
[BlackElo "2372"]
[PlyCount "113"]
[EventDate "2009.08.24"]
[EventType "swiss"]
[EventRounds "9"]
[EventCountry "ESP"]
[Source "lmi"]
[SourceDate "2009.08.24"]

1. e4 c5 2. Nf3 e6 3. d4 cxd4 4. Nxd4 a6 5. Nc3 Qc7 6. g3 Bb4 7. Bd2 Nf6 8. Bg2
Be7 9. O-O d6 10. a4 Bd7 11. Nb3 Nc6 12. f4 O-O 13. g4 Ne8 14. g5 f5 15. exf5
Rxf5 16. Ne4 g6 17. Ng3 Rf8 18. Bc3 Ng7 19. Qd2 Rf7 20. Rad1 Raf8 21. Kh1 Bc8
22. Ne4 d5 23. Nf6+ Bxf6 24. gxf6 Nf5 25. Qe2 d4 26. Nxd4 Nfxd4 27. Bxd4 Nxd4
28. Rxd4 Rxf6 29. Rc4 Qb8 30. b3 Rf5 31. Bh3 R5f6 32. Re1 Bd7 33. Kg1 Rxf4 34.
Bxe6+ Bxe6 35. Qxe6+ Kg7 36. Rxf4 Qxf4 37. Qe5+ Qxe5 38. Rxe5 Rf7 39. Re6 Rc7
40. Rb6 Re7 41. c4 Kh6 42. c5 Kg5 43. a5 Rc7 44. b4 Kf4 45. Kg2 g5 46. Rf6+ Ke5
47. Rh6 Kf4 48. h4 Rd7 49. hxg5 Kxg5 50. Rb6 Rc7 51. Kg3 h5 52. Rd6 Re7 53.
Rd5+ Kg6 54. Rd6+ Kg5 55. Rd5+ Kg6 56. Kf4 Rf7+ 57. Kg3 1/2-1/2

[Event "43. Torneo de Ajedrez Villa de Mislata"]
[Site "Mislata ESP"]
[Date "2009.08.27"]
[Round "5.5"]
[White "Gongora Reyes, Maikel"]
[Black "Pardo Simon, David"]
[Result "0-1"]
[WhiteElo "2446"]
[BlackElo "2321"]
[PlyCount "126"]
[EventDate "2009.08.24"]
[EventType "swiss"]
[EventRounds "9"]
[EventCountry "ESP"]
[Source "lmi"]
[SourceDate "2009.08.24"]

1. d4 Nf6 2. c4 e6 3. Nc3 Bb4 4. Qc2 O-O 5. a3 Bxc3+ 6. Qxc3 d6 7. Bg5 Nbd7 8.
e3 b6 9. Ne2 Bb7 10. Qd3 h6 11. Bh4 Rc8 12. Nc3 a6 13. Rd1 Re8 14. f3 e5 15.
Be2 Qe7 16. O-O exd4 17. exd4 Qe3+ 18. Qxe3 Rxe3 19. Bf2 Re7 20. b4 Nf8 21.
Rfe1 Rce8 22. Bf1 Rxe1 23. Bxe1 N6d7 24. Bf2 c5 25. d5 f5 26. Bg3 Ne5 27. bxc5
bxc5 28. Rb1 Bc8 29. Rb6 Rd8 30. Bxe5 dxe5 31. Na4 Nd7 32. Rc6 e4 33. fxe4 Ne5
34. Rc7 fxe4 35. Nxc5 Bf5 36. Nb7 Rb8 37. c5 e3 38. c6 Kf8 39. Bxa6 Bd3 40.
Bxd3 Nxd3 41. d6 e2 42. Re7 Re8 43. Rxe2 Rxe2 44. h3 Ne5 45. d7 Nxc6 46. d8=Q+
Nxd8 47. Nxd8 Ra2 48. Ne6+ Kf7 49. Nd4 Rxa3 50. Kf2 Kf6 51. Ne2 Ke5 52. Ng3 g6
53. Ne2 h5 54. Ng1 Ke4 55. Nf3 Rd3 56. Ne1 Rd2+ 57. Kg3 g5 58. Nf3 h4+ 59. Kh2
Rd5 60. Kg1 Ke3 61. Kh2 Rf5 62. Ng1 Kf2 63. Nf3 Rxf3 0-1

[Event "43. Torneo de Ajedrez Villa de Mislata"]
[Site "Mislata ESP"]
[Date "2009.08.27"]
[Round "5.6"]
[White "Mascaro March, Pedro"]
[Black "Mellado Trivino, Juan"]
[Result "1/2-1/2"]
[WhiteElo "2382"]
[BlackElo "2417"]
[PlyCount "22"]
[EventDate "2009.08.24"]
[EventType "swiss"]
[EventRounds "9"]
[EventCountry "ESP"]
[Source "lmi"]
[SourceDate "2009.08.24"]

1. d4 f5 2. Nf3 Nf6 3. g3 g6 4. Bg2 Bg7 5. O-O O-O 6. c4 d6 7. Nc3 c6 8. b3 Qa5
9. Bb2 e5 10. dxe5 dxe5 11. e4 f4 1/2-1/2

[Event "43. Torneo de Ajedrez Villa de Mislata"]
[Site "Mislata ESP"]
[Date "2009.08.27"]
[Round "5.7"]
[White "Debray, Christopher"]
[Black "Vassallo Barroche, Mauricio"]
[Result "0-1"]
[WhiteElo "2328"]
[BlackElo "2409"]
[PlyCount "104"]
[EventDate "2009.08.24"]
[EventType "swiss"]
[EventRounds "9"]
[EventCountry "ESP"]
[Source "lmi"]
[SourceDate "2009.08.24"]

1. d4 Nf6 2. Nf3 g6 3. c4 Bg7 4. g3 O-O 5. Bg2 d6 6. O-O Nc6 7. Nc3 Rb8 8. h3
a6 9. e4 Nd7 10. Bg5 h6 11. Be3 b5 12. cxb5 axb5 13. Qd2 Kh7 14. Nd5 e6 15. Nf4
e5 16. Nd5 exd4 17. Nxd4 Nce5 18. b3 c5 19. Ne2 c4 20. Rab1 Bb7 21. f4 Bxd5 22.
fxe5 Be6 23. exd6 Ne5 24. Bf4 Rb6 25. Rfd1 g5 26. Be3 Ra6 27. Nd4 Rxd6 28. Nxe6
Rxd2 29. Nxd8 Rdxd8 30. Bf1 Ra8 31. a4 c3 32. Rbc1 bxa4 33. bxa4 Rxa4 34. Bc5
Ra2 35. Rxc3 Rc8 36. Rd5 g4 37. hxg4 Nxg4 38. Ra3 Rxa3 39. Bxa3 Rc3 40. Rd3
Bd4+ 41. Rxd4 Rxg3+ 42. Kh1 Rxa3 43. Rd7 Kg6 44. Bc4 Ne5 45. Rd6+ f6 46. Be6
Re3 47. Bf5+ Kg5 48. Rd8 Nf3 49. Rg8+ Kf4 50. Rh8 Re1+ 51. Kg2 Re2+ 52. Kf1 Ke3
0-1

[Event "43. Torneo de Ajedrez Villa de Mislata"]
[Site "Mislata ESP"]
[Date "2009.08.27"]
[Round "5.8"]
[White "Guerra Mendez, Jose Angel"]
[Black "Bermejo Martinez, Jorge"]
[Result "1-0"]
[WhiteElo "2408"]
[BlackElo "2240"]
[PlyCount "93"]
[EventDate "2009.08.24"]
[EventType "swiss"]
[EventRounds "9"]
[EventCountry "ESP"]
[Source "lmi"]
[SourceDate "2009.08.24"]

1. e4 g6 2. d4 Bg7 3. Nf3 d6 4. Bc4 e6 5. O-O a6 6. Re1 Nd7 7. c3 Ne7 8. Nbd2
O-O 9. Nf1 b5 10. Bb3 c5 11. Bg5 h6 12. Bh4 Re8 13. Qd2 Bb7 14. Rad1 cxd4 15.
Nxd4 Nc5 16. Bc2 Qc7 17. f3 Rad8 18. Ne3 Nd7 19. Bb3 Nc5 20. Bc2 Nd7 21. a4 e5
22. Ne2 Nb6 23. axb5 axb5 24. Nc1 Nc4 25. Nxc4 bxc4 26. Ba4 Rf8 27. Na2 g5 28.
Bf2 d5 29. Qc1 dxe4 30. fxe4 Rxd1 31. Bxd1 Ng6 32. Nb4 Rd8 33. g3 Qd6 34. Bg4
Ne7 35. Qe3 h5 36. Bxh5 f5 37. exf5 Nxf5 38. Qxg5 Rf8 39. Rd1 Qc7 40. Bg4 Be4
41. Nd5 Qb7 42. Bxf5 Bxd5 43. Qg6 Rf6 44. Qh7+ Kf7 45. Be3 Bc6 46. Rd8 Be8 47.
Qh5+ 1-0

[Event "43. Torneo de Ajedrez Villa de Mislata"]
[Site "Mislata ESP"]
[Date "2009.08.27"]
[Round "5.10"]
[White "Prie, Eric"]
[Black "Adell Corts, Francisco"]
[Result "1-0"]
[WhiteElo "2491"]
[BlackElo "2214"]
[PlyCount "57"]
[EventDate "2009.08.24"]
[EventType "swiss"]
[EventRounds "9"]
[EventCountry "ESP"]
[Source "lmi"]
[SourceDate "2009.08.24"]

1. d4 d5 2. Bf4 Nf6 3. e3 e6 4. Nd2 Bd6 5. Bg3 c5 6. c3 Nc6 7. Ngf3 Qe7 8. Ne5
O-O 9. Bd3 cxd4 10. exd4 Nd7 11. Qe2 Bxe5 12. dxe5 f5 13. exf6 Nxf6 14. Nf3 e5
15. Nxe5 Nxe5 16. Bxe5 Bg4 17. Bxf6 Qxe2+ 18. Bxe2 Rae8 19. f3 Rxf6 20. Kf2 Bf5
21. Rhd1 Rb6 22. Rd2 Bg6 23. Bd1 Kf8 24. Bb3 Bf7 25. Re1 Rxe1 26. Kxe1 d4 27.
Rxd4 Bxb3 28. axb3 Rxb3 29. Rb4 1-0

[Event "43. Torneo de Ajedrez Villa de Mislata"]
[Site "Mislata ESP"]
[Date "2009.08.27"]
[Round "5.11"]
[White "Spassov, Liuben"]
[Black "Mingo Fernandez, Matias"]
[Result "1-0"]
[WhiteElo "2427"]
[BlackElo "2198"]
[PlyCount "147"]
[EventDate "2009.08.24"]
[EventType "swiss"]
[EventRounds "9"]
[EventCountry "ESP"]
[Source "lmi"]
[SourceDate "2009.08.24"]

1. d4 d5 2. c4 e6 3. Nc3 Nf6 4. cxd5 exd5 5. Bg5 Be7 6. e3 c6 7. Qc2 O-O 8. Bd3
Nbd7 9. Nf3 Re8 10. h3 Nf8 11. Bf4 a6 12. O-O Be6 13. Rab1 N6d7 14. b4 f6 15.
a4 Bf7 16. Rfc1 Rc8 17. Nd2 g6 18. Nf3 Ne6 19. Bg3 Ndf8 20. b5 axb5 21. axb5 c5
22. dxc5 Nxc5 23. b6 Nfe6 24. Rd1 Na4 25. Qxa4 Rxc3 26. Bf1 Bc5 27. Qa5 Ra3 28.
Qb5 Ra6 29. Bc7 Qe7 30. Rdc1 Rea8 31. Qb2 Ra5 32. Qc3 Ba3 33. Rc2 Rc5 34. Qd3
Nxc7 35. bxc7 Qxc7 36. Ra2 Rca5 37. Nd4 b6 38. Nb5 Qe7 39. Rxa3 Rxa3 40. Nxa3
Rxa3 41. Qd4 Qe5 42. Qxb6 Ra1 43. Qd8+ Kg7 44. Rb8 g5 45. Qf8+ Kg6 46. Rb7 Qe8
47. Qxe8 Bxe8 48. f3 Bf7 49. Kf2 Ra2+ 50. Kg3 Rd2 51. h4 h5 52. Rb6 gxh4+ 53.
Kxh4 Kf5 54. Rb7 Ke6 55. Kg3 Bg6 56. Bb5 h4+ 57. Kh2 Bd3 58. Bd7+ Kd6 59. Bh3
Be2 60. Kg1 Bc4 61. Rf7 Rd1+ 62. Kh2 Kc5 63. Rxf6 Re1 64. Re6 Kb4 65. Re5 Kc3
66. Be6 Rd1 67. Rh5 Rd3 68. e4 dxe4 69. Bxc4 Kxc4 70. Rxh4 Re3 71. Rxe4+ Rxe4
72. fxe4 Kd4 73. Kg3 Kxe4 74. Kg4 1-0

[Event "43. Torneo de Ajedrez Villa de Mislata"]
[Site "Mislata ESP"]
[Date "2009.08.27"]
[Round "5.12"]
[White "Fernandez Cardoso, Alexey"]
[Black "Tudela Corbalan, Carlos"]
[Result "1-0"]
[WhiteElo "2419"]
[BlackElo "2182"]
[PlyCount "81"]
[EventDate "2009.08.24"]
[EventType "swiss"]
[EventRounds "9"]
[EventCountry "ESP"]
[Source "lmi"]
[SourceDate "2009.08.24"]

1. e4 c5 2. Nc3 d6 3. Nf3 Nc6 4. d4 cxd4 5. Nxd4 g6 6. Be3 Bg7 7. Qd2 Nf6 8. f3
O-O 9. g4 Nxd4 10. Bxd4 Be6 11. h4 Qa5 12. a3 Rac8 13. O-O-O a6 14. h5 Rc7 15.
hxg6 fxg6 16. g5 Nh5 17. Bxg7 Kxg7 18. Bh3 Bxh3 19. Rxh3 Qe5 20. Nd5 Rc5 21.
Rdh1 Rf7 22. Kb1 Kg8 23. c3 Rxf3 24. Rxf3 Qxe4+ 25. Qd3 Qxd5 26. Qf1 Rc8 27.
Qh3 Rf8 28. Rxf8+ Kxf8 29. Rf1+ Kg7 30. Qe3 e5 31. Qh3 Nf4 32. Qd7+ Kg8 33.
Qd8+ Kg7 34. Qf6+ Kg8 35. Ka1 a5 36. c4 Qxc4 37. Qd8+ Kg7 38. Rd1 Qc6 39. Rxd6
Qc1+ 40. Ka2 Qc4+ 41. Kb1 1-0

[Event "43. Torneo de Ajedrez Villa de Mislata"]
[Site "Mislata ESP"]
[Date "2009.08.27"]
[Round "5.13"]
[White "Megias Chafer, Alejandro"]
[Black "Vitor, Antonio"]
[Result "0-1"]
[WhiteElo "2138"]
[BlackElo "2398"]
[PlyCount "78"]
[EventDate "2009.08.24"]
[EventType "swiss"]
[EventRounds "9"]
[EventCountry "ESP"]
[Source "lmi"]
[SourceDate "2009.08.24"]

1. e4 Nf6 2. e5 Nd5 3. d4 d6 4. Nf3 Bg4 5. Be2 Nc6 6. exd6 exd6 7. O-O Be7 8.
c4 Nb6 9. b3 O-O 10. Re1 Bf6 11. Bb2 Re8 12. Nbd2 h6 13. Nf1 a5 14. Ng3 a4 15.
h3 Bxf3 16. Bxf3 Rxe1+ 17. Qxe1 Bxd4 18. Bxc6 Bxb2 19. Rb1 bxc6 20. Rxb2 axb3
21. axb3 Qf6 22. Rb1 Qg6 23. Ra1 Rc8 24. Qc3 c5 25. Qf3 Qe6 26. Ra7 Nd7 27. Nf1
Ne5 28. Qb7 Qd7 29. Ne3 Nc6 30. Ra8 Rxa8 31. Qxa8+ Kh7 32. Qb7 Nd4 33. Qe4+ f5
34. Qb7 Qe6 35. Qxc7 f4 36. Nd5 Qe1+ 37. Kh2 Qxf2 38. Kh1 Ne2 39. Nf6+ Kg6 0-1

[Event "43. Torneo de Ajedrez Villa de Mislata"]
[Site "Mislata ESP"]
[Date "2009.08.27"]
[Round "5.14"]
[White "Sanchez Perona, Alejandro"]
[Black "Dolezal, Cristian"]
[Result "0-1"]
[WhiteElo "2129"]
[BlackElo "2391"]
[PlyCount "70"]
[EventDate "2009.08.24"]
[EventType "swiss"]
[EventRounds "9"]
[EventCountry "ESP"]
[Source "lmi"]
[SourceDate "2009.08.24"]

1. d4 g6 2. Nf3 Bg7 3. Bf4 d6 4. e3 Nd7 5. c3 e5 6. dxe5 dxe5 7. Bg3 Nh6 8. h3
Nf5 9. Bh2 O-O 10. Be2 Qe7 11. Nbd2 Rd8 12. Qc2 Nc5 13. Nb3 e4 14. Nfd4 Nd3+
15. Bxd3 exd3 16. Qxd3 c5 17. Nxf5 Bxf5 18. Qc4 b6 19. Qf4 a5 20. a4 Bc2 21.
Nd2 Qd7 22. e4 Be5 23. Qe3 Bxh2 24. Rxh2 Qc7 25. g3 Rd3 26. Qf4 Qd7 27. f3 Rd8
28. h4 Qe7 29. g4 c4 30. g5 Qc5 31. Qg3 Re3+ 32. Kf1 Bd3+ 33. Kg2 Be2 34. Re1
Rxd2 35. Qb8+ Kg7 0-1

[Event "43. Torneo de Ajedrez Villa de Mislata"]
[Site "Mislata ESP"]
[Date "2009.08.27"]
[Round "5.15"]
[White "Alonso Moyano, Jonathan"]
[Black "Gonzalez Aguirre, Luis"]
[Result "1-0"]
[WhiteElo "2365"]
[BlackElo "2163"]
[PlyCount "77"]
[EventDate "2009.08.24"]
[EventType "swiss"]
[EventRounds "9"]
[EventCountry "ESP"]
[Source "lmi"]
[SourceDate "2009.08.24"]

1. e4 c6 2. d4 d5 3. e5 c5 4. f4 Nc6 5. dxc5 Qa5+ 6. c3 Qxc5 7. b4 Qb6 8. Qxd5
Bf5 9. Qf3 e6 10. Be3 Qc7 11. Nd2 g5 12. Bb5 gxf4 13. Bxf4 O-O-O 14. Bxc6 bxc6
15. Ne4 Bxe4 16. Qxe4 Ne7 17. Nf3 Nd5 18. Bd2 h5 19. a3 Bh6 20. Bxh6 Rxh6 21.
c4 Ne7 22. O-O Nf5 23. Rad1 Rxd1 24. Rxd1 h4 25. Nd4 Nxd4 26. Rxd4 f5 27. exf6
Rxf6 28. Qxh4 Qf7 29. Rd1 Qf8 30. Qd4 Rf7 31. Qe4 Kc7 32. Qxe6 Rg7 33. Rf1 Qh8
34. Rf6 Rh7 35. Qxc6+ Kb8 36. Qd6+ Kb7 37. Qd5+ Kb8 38. Qe5+ Ka8 39. Re6 1-0

[Event "43. Torneo de Ajedrez Villa de Mislata"]
[Site "Mislata ESP"]
[Date "2009.08.27"]
[Round "5.16"]
[White "Battaglini, Gabriel"]
[Black "Plaza Pardo, Daniel"]
[Result "1-0"]
[WhiteElo "2345"]
[BlackElo "2149"]
[PlyCount "37"]
[EventDate "2009.08.24"]
[EventType "swiss"]
[EventRounds "9"]
[EventCountry "ESP"]
[Source "lmi"]
[SourceDate "2009.08.24"]

1. e4 c5 2. c3 Nf6 3. e5 Nd5 4. d4 cxd4 5. cxd4 d6 6. f4 Nc6 7. Nc3 dxe5 8.
fxe5 e6 9. Nf3 Bb4 10. Qc2 Nxc3 11. bxc3 Be7 12. Bd3 h6 13. O-O Qc7 14. Qe2 b6
15. Nd2 Bb7 16. Ne4 Na5 17. Bb5+ Bc6 18. d5 exd5 19. Nd6+ 1-0

[Event "43. Torneo de Ajedrez Villa de Mislata"]
[Site "Mislata ESP"]
[Date "2009.08.27"]
[Round "5.17"]
[White "Fenollar Jorda, Manuel"]
[Black "Molina, Jorge"]
[Result "1-0"]
[WhiteElo "2341"]
[BlackElo "2129"]
[PlyCount "54"]
[EventDate "2009.08.24"]
[EventType "swiss"]
[EventRounds "9"]
[EventCountry "ESP"]
[Source "lmi"]
[SourceDate "2009.08.24"]

1. d4 d5 2. c4 e6 3. Nc3 c5 4. cxd5 cxd4 5. Qa4+ Bd7 6. Qxd4 exd5 7. Qxd5 Nc6
8. Bg5 Be7 9. Bxe7 Ngxe7 10. Qd3 O-O 11. O-O-O Qa5 12. Qxd7 Rad8 13. Qg4 Nb4
14. Rd3 Nxa2+ 15. Nxa2 Qxa2 16. Nh3 Rc8+ 17. Kd2 Qxb2+ 18. Ke3 Ng6 19. f4 Qb6+
20. Kf3 Qf6 21. Qg5 Qc6+ 22. Kg3 Rfe8 23. e3 Qc1 24. Kf3 Rc3 25. Rxc3 Qxc3 26.
Bb5 Qxe3+ 27. Kg4 Rc8 1-0

[Event "43. Torneo de Ajedrez Villa de Mislata"]
[Site "Mislata ESP"]
[Date "2009.08.27"]
[Round "5.18"]
[White "Schalk, Martin"]
[Black "Garcia Molla, Victor"]
[Result "0-1"]
[WhiteElo "2102"]
[BlackElo "2328"]
[PlyCount "84"]
[EventDate "2009.08.24"]
[EventType "swiss"]
[EventRounds "9"]
[EventCountry "ESP"]
[Source "lmi"]
[SourceDate "2009.08.24"]

1. e4 c5 2. Nf3 e6 3. Qe2 Nc6 4. g3 g6 5. Bg2 Bg7 6. d3 Nge7 7. c3 d6 8. O-O
O-O 9. Re1 b6 10. Nbd2 Ba6 11. Nf1 Ne5 12. Rd1 N7c6 13. h4 h6 14. Be3 Nxf3+ 15.
Bxf3 Rc8 16. Nh2 d5 17. exd5 exd5 18. Qd2 Kh7 19. Bf4 b5 20. Bg4 f5 21. Be2 d4
22. c4 bxc4 23. dxc4 Qf6 24. Rac1 Rcd8 25. Nf3 Bb7 26. a3 a5 27. Ne1 Ne5 28.
Bxe5 Qxe5 29. Bf3 Be4 30. Qe2 Rfe8 31. Kg2 Qd6 32. Kh2 a4 33. Qd2 d3 34. Bg2 f4
35. f3 fxg3+ 36. Kh1 Bf5 37. Bf1 Qe7 38. Ng2 Qb7 39. h5 Qxf3 40. hxg6+ Bxg6 41.
Qf4 Qxf4 42. Nxf4 d2 0-1

[Event "43. Torneo de Ajedrez Villa de Mislata"]
[Site "Mislata ESP"]
[Date "2009.08.27"]
[Round "5.19"]
[White "Torres Sanchez, Jose"]
[Black "Gerasimovitch, Olga"]
[Result "1-0"]
[WhiteElo "2322"]
[BlackElo "2128"]
[PlyCount "59"]
[EventDate "2009.08.24"]
[EventType "swiss"]
[EventRounds "9"]
[EventCountry "ESP"]
[Source "lmi"]
[SourceDate "2009.08.24"]

1. e4 d5 2. exd5 Qxd5 3. Nc3 Qa5 4. d4 Nf6 5. Nf3 c6 6. Bc4 Bf5 7. Bd2 e6 8.
Ne4 Qc7 9. Ng3 Bg6 10. h4 h6 11. Ne5 Bh7 12. Qe2 Bd6 13. f4 O-O 14. O-O-O c5
15. dxc5 Bxc5 16. f5 Bd6 17. Bc3 Qe7 18. fxe6 fxe6 19. Rhf1 a5 20. Nf5 Bxf5 21.
Rxf5 Re8 22. Ng6 Qf7 23. Rxd6 Qxg6 24. Rxe6 Rxe6 25. Qxe6+ Kh7 26. Rxf6 gxf6
27. Qe7+ Qg7 28. Bd3+ Kg8 29. Qe8+ Qf8 30. Bh7+ 1-0

[Event "43. Torneo de Ajedrez Villa de Mislata"]
[Site "Mislata ESP"]
[Date "2009.08.27"]
[Round "5.20"]
[White "Rodriguez Ferrer, Pablo"]
[Black "Palencia, Wilson"]
[Result "0-1"]
[WhiteElo "2078"]
[BlackElo "2319"]
[PlyCount "106"]
[EventDate "2009.08.24"]
[EventType "swiss"]
[EventRounds "9"]
[EventCountry "ESP"]
[Source "lmi"]
[SourceDate "2009.08.24"]

1. e4 d6 2. f4 Nf6 3. Nc3 g6 4. Nf3 Bg7 5. d3 O-O 6. g3 e5 7. Bg2 exf4 8. Bxf4
d5 9. O-O dxe4 10. dxe4 c6 11. Qxd8 Rxd8 12. Rad1 Rf8 13. e5 Nh5 14. Ne4 Nxf4
15. gxf4 Na6 16. Nd6 h6 17. f5 Bxf5 18. Nxf5 gxf5 19. Nd4 Rae8 20. Nxf5 Rxe5
21. Rd3 Kh7 22. Rg3 Bh8 23. Nd6 Rg5 24. Be4+ Kg8 25. Nf5 Rxg3+ 26. hxg3 Bxb2
27. Rb1 Bc3 28. Rxb7 Nc5 29. Re7 Bf6 30. Nxh6+ Kg7 31. Nf5+ Kh8 32. Bxc6 Bxe7
33. Nxe7 Kg7 34. Bd5 Rd8 35. c4 Nd3 36. Nc6 Rd7 37. Kf1 Kf6 38. a3 Ne5 39. Nb4
a5 40. Nc2 Ng4 41. Ke2 Ke5 42. Bf3 f5 43. c5 Nf6 44. c6 Re7 45. Kd3 Ne4 46. Ne3
Nd6 47. g4 f4 48. Nd5 Rh7 49. Ke2 Rh2+ 50. Kf1 Ra2 51. Nb6 Rxa3 52. Be2 Rc3 53.
Nd7+ Kd4 0-1

[Event "43. Torneo de Ajedrez Villa de Mislata"]
[Site "Mislata ESP"]
[Date "2009.08.28"]
[Round "6.1"]
[White "Korneev, Oleg"]
[Black "Ortiz Suarez, Isan Reynaldo"]
[Result "1/2-1/2"]
[WhiteElo "2537"]
[BlackElo "2504"]
[PlyCount "21"]
[EventDate "2009.08.24"]
[EventType "swiss"]
[EventRounds "9"]
[EventCountry "ESP"]
[Source "lmi"]
[SourceDate "2009.08.24"]

1. e4 c5 2. Nf3 d6 3. d4 cxd4 4. Nxd4 Nf6 5. Nc3 a6 6. Bg5 e6 7. f4 h6 8. Bh4
Be7 9. Qf3 Qc7 10. O-O-O Nbd7 11. Nb3 1/2-1/2

[Event "43. Torneo de Ajedrez Villa de Mislata"]
[Site "Mislata ESP"]
[Date "2009.08.28"]
[Round "6.2"]
[White "Komljenovic, Davorin"]
[Black "Guerra Mendez, Jose Angel"]
[Result "0-1"]
[WhiteElo "2431"]
[BlackElo "2408"]
[PlyCount "80"]
[EventDate "2009.08.24"]
[EventType "swiss"]
[EventRounds "9"]
[EventCountry "ESP"]
[Source "lmi"]
[SourceDate "2009.08.24"]

1. d4 Nf6 2. c4 e6 3. Nc3 Bb4 4. Qc2 O-O 5. a3 Bxc3+ 6. Qxc3 b6 7. Bg5 Bb7 8.
e3 d6 9. Nf3 Nbd7 10. Be2 h6 11. Bh4 g5 12. Bg3 Ne4 13. Qc2 f5 14. Bd3 Ndf6 15.
O-O-O a5 16. Ne1 Kg7 17. f3 Nxg3 18. hxg3 Qe7 19. Qc3 d5 20. Kb1 c5 21. dxc5
Qxc5 22. Nc2 Bc8 23. Nd4 Bd7 24. g4 fxg4 25. Ne2 Rad8 26. Ng3 Be8 27. Bc2 Qc7
28. f4 gxf4 29. exf4 Qxf4 30. cxd5 Bg6 31. Bxg6 Kxg6 32. Rdf1 Ne4 33. Qc2 Qxg3
34. Qxe4+ Kg7 35. Qd4+ e5 36. Qxb6 Rxf1+ 37. Rxf1 Qd3+ 38. Ka2 Qc4+ 39. Qb3
Qxf1 40. Qb7+ Qf7 0-1

[Event "43. Torneo de Ajedrez Villa de Mislata"]
[Site "Mislata ESP"]
[Date "2009.08.28"]
[Round "6.3"]
[White "Vassallo Barroche, Mauricio"]
[Black "Gomez Ledo, Roberto Carlos"]
[Result "1/2-1/2"]
[WhiteElo "2409"]
[BlackElo "2404"]
[PlyCount "44"]
[EventDate "2009.08.24"]
[EventType "swiss"]
[EventRounds "9"]
[EventCountry "ESP"]
[Source "lmi"]
[SourceDate "2009.08.24"]

1. d4 d5 2. c4 c6 3. Nf3 Nf6 4. Nc3 dxc4 5. a4 e6 6. e3 c5 7. Bxc4 Nc6 8. O-O
Be7 9. Qe2 cxd4 10. exd4 O-O 11. Rd1 Nb4 12. Ne5 Bd7 13. Bg5 Bc6 14. Rac1 Bd5
15. Nxd5 Nfxd5 16. Bd2 Rc8 17. Qe4 Rc7 18. g3 Nf6 19. Qe2 Nfd5 20. Qe4 Nf6 21.
Qe2 Nfd5 22. Qe4 Nf6 1/2-1/2